Normal view
MARC view
- McKendrick, Ewan
Entry Personal Name
001 - CONTROL NUMBER
- control field: 128220
003 - CONTROL NUMBER IDENTIFIER
- control field: NUST
005 - DATE AND TIME OF LATEST TRANSACTION
- control field: 20250312122055.0
008 - FIXED-LENGTH DATA ELEMENTS
- fixed length control field: 250312|| aca||aabn | a|a d
040 ## - CATALOGING SOURCE
- Original cataloging agency: NUST
- Transcribing agency: NUST
100 ## - HEADING--PERSONAL NAME
- Personal name: McKendrick, Ewan
670 ## - SOURCE DATA FOUND
- Source citation: Work cat.: (NUST)0: McKendrick, Ewan, author., Contract law /
